Koncepčný návrh reťazového kladkostroja o nosnosti 3t a zdvihu 1200mm

Guardado en:
Detalles Bibliográficos
Autor principal: Pőthe, Krisztián (Autor)
Otros Autores: Glatz, Metod (Orientador)
Formato: Manuscrito Libro
Lenguaje:eslovaco
Publicado: 2016
Materias:
Acceso en línea:http://is.stuba.sk/zp/portal_zp.pl?podrobnosti=133041
Etiquetas: Agregar Etiqueta
Sin Etiquetas, Sea el primero en etiquetar este registro!

MARC

LEADER 00000ntm a22000003a 4500
001 stuzp57379
003 SK-STU
005 20160719155234.6
007 ta
008 150427s2015----xo-----f-mn---000-0-slo-d
040 |a STU  |b slo 
041 0 |a slo 
100 1 |a Pőthe, Krisztián  |u 020030  |4 aut  |U SjF Strojnícka fakulta  |T SjF Ústav dopravnej techniky a konštruovania  |X 63129  |U J0030  |Y 806  |7 63129 
242 0 1 |a Conceptual design of chain hoist mechanism, with load 3t and stroke 1200mm  |y eng 
245 1 0 |a Koncepčný návrh reťazového kladkostroja o nosnosti 3t a zdvihu 1200mm 
260 |c 2016 
650 4 |a zdvíhacie zariadenie  |2 slo 
650 4 |a kladkostroj  |2 slo 
650 4 |a ozubené koleso  |2 slo 
650 4 |a gears  |2 eng 
650 4 |a hoists mechanism  |2 eng 
650 4 |a chain hoist  |2 eng 
700 1 |a Glatz, Metod  |u 020030  |k Z1  |4 ths  |U SjF Strojnícka fakulta  |T SjF Ústav dopravnej techniky a konštruovania  |X 14061  |U J0030  |Y 806  |7 A000014061 
856 4 |u http://is.stuba.sk/zp/portal_zp.pl?podrobnosti=133041 
996 |b 284J044061  |c J* 2351/BP  |l JJSK  |s A  |a 24  |w stuzp57379_0001 
SQL |a stuzp57379  |b DBP  |c SLO  |d Koncepčný návrh reťazového kladkostroja o nosnosti 3t a zdvihu 1200mm  |e 63129  |f Pőthe, Krisztián  |g 020030  |h 14061  |i Glatz, Metod  |j 20160614  |k 1125  |l 02  |m http://is.stuba.sk/zp/portal_zp.pl?podrobnosti=133041  |n B-AMPS  |o 5.2.3. dopravné stroje a zariadenia